Estatísticas para Personagens de Séries #1🎢

Clique aqui para jogar o quiz

Estatísticas Gerais

  • Esse quiz foi jogado 1 409 vezes
  • A pontuação média é 10 de 23

Estatísticas das Respostas

PersonagemSérie% Correto
Meredith GreyGrey's Anatomy
81%
Betty CooperRiverdale
72%
Dustin HendersonStranger Things
62%
Charles BoyleBrooklyn 99
61%
Rachel GreenFriends
61%
Barry AllenThe Flash
57%
Walter WhiteBreaking Bad
55%
Sarah CameronOuter Banks
51%
Freddie BensoniCarly
48%
Dr. Shaun MurphyThe Good Doctor
48%
Chloe DeckerLúcifer
45%
Miguel DiazCobra Kai
43%
Spencer HastingsPretty Little Liars
43%
Paxton Hall-YoshidaEu Nunca...
39%
Gilbert BlytheAnne with an E
38%
Jade WestVictorious
34%
Jane VillanuevaJane the Virgin
33%
Agatha HarknessWandaVision
30%
Chidi AnagonyeThe Good Place
19%
Finn CollinsThe 100
15%
Adam/Bree/Chase DavenportLab Rats
12%
Moff GideonThe Mandalorian
6%
Nina Salazar-RobertsHigh School Musical: the Musical: the Series
3%

Distribuição das Pontuações

Percentil de Números Respondidos

Porcentagem de Pessoas com Cada Pontuação

Sua Pontuação Histórica

Você não jogou esse quiz